| 000 | 00610nab a2200157 4500 | ||
|---|---|---|---|
| 003 | ES-SlBCS | ||
| 005 | 20220907161509.0 | ||
| 008 | 150601s2015 ph ||||| |||| 00| 0 eng d | ||
| 040 |
_aES-SlBCS _bspa |
||
| 100 | 1 |
_aPayo, Francis _9408415 |
|
| 245 | 1 | 0 |
_aHusserl and Stein on Empathy: _b: Paving a Way Towards Integration _cFrancis Payo |
| 600 | 0 |
_aHusserl, Edmund _d, 1859-1938 _xCrítica e interpretación _9120926 |
|
| 600 | 1 | 4 |
_aEdith Stein _c, Santa _d, 1891-1942 _xCrítica e interpretación _9124501 |
| 773 | 0 |
_gVol. 41, Nº 150, 2015, págs. 247-262 _tPhilippiniana Sacra _wRev326 _x0115-9577 |
|
| 942 |
_2lcc _cAR |
||
| 999 |
_c852495 _d852495 |
||